| 000 | 00838nam a22002175i 4500 | ||
|---|---|---|---|
| 001 | 165816 | ||
| 003 | ES-MaACL | ||
| 005 | 20250901063135.0 | ||
| 008 | 050907s1875 sz | |||||||| ||fre d | ||
| 040 |
_aCAM _bspa _cCAM |
||
| 100 | 1 |
_aStroehlin, Ernest _d1844-1907 _9132924 |
|
| 245 | 1 | 2 |
_aL'état moderne et l'Eglise Catholique en Allemagne / _cpar Ernest Stroehlin. |
| 260 |
_aGenève et Bale [etc] : _bH. Georg [etc], _c1875 ( _fImprimerie Ramboz et Schuchardt) |
||
| 300 |
_av. ; _c23 cm. |
||
| 505 | 8 | _aContiene: T.I : L'Allemagne sous le régime des Concordats 1742-1870 (XIX, 504 p.) | |
| 610 | 2 | 7 |
_aIglesia Católica- _zAlemania _2 _9159653 |
| 650 | 0 |
_aEstado- _zAlemania _9242153 |
|
| 752 |
_aSuiza - _dGinebra |
||
| 852 |
_aES-MaACL _jG-10431 _z-- Enc. hol. _q-- Sólo t.I (XIX, 504 p.) |
||
| 999 |
_c165816 _d165816 |
||